[Event "Cappelle Online Blitz op"]
[Site "Europe Echecs INT"]
[Date "2022.01.09"]
[Round "8"]
[White "Portal, Louis"]
[Black "Richard, Maxime"]
[Result "0-1"]
[WhiteElo "1284"]
[BlackElo "1454"]
[PlyCount "52"]
[EventDate "2022.01.09"]
[EventType "swiss (blitz)"]
[EventRounds "11"]
[EventCountry "FRA"]
[SourceTitle "EXT 2023"]
[Source "ChessBase"]
[SourceDate "2022.10.05"]
[SourceVersion "1"]
[SourceVersionDate "2022.10.05"]
[SourceQuality "1"]

1. Nf3 d5 2. c4 Nf6 3. cxd5 Nxd5 4. d4 Nc6 5. e4 Nb6 6. d5 Nb8 7. Bb5+ Bd7 8. Bxd7+ N8xd7 9. 0-0 c6 10. dxc6 bxc6 11. Nc3 e5 12. Bg5 Be7 13. Bxe7 Qxe7 14. Rc1 0-0 15. Re1 Rad8 16. Qb3 Nc5 17. Qa3 Nc4 18. Qxa7 Qxa7 19. b3 Nd6 20. b4 Nd3 21. Nxe5 Nxe5 22. Kf1 Nd3 23. Ke2 Nxc1+ 24. Rxc1 Rfe8 25. f3 Nc4 26. Rd1 Qe3+ 0-1

[Event "Cappelle Online Blitz op"]
[Site "Europe Echecs INT"]
[Date "2022.01.09"]
[Round "3"]
[White "Richard, Maxime"]
[Black "Penet, Eric"]
[Result "1-0"]
[WhiteElo "1454"]
[BlackElo "1265"]
[PlyCount "63"]
[EventDate "2022.01.09"]
[EventType "swiss (blitz)"]
[EventRounds "11"]
[EventCountry "FRA"]
[SourceTitle "EXT 2023"]
[Source "ChessBase"]
[SourceDate "2022.10.05"]
[SourceVersion "1"]
[SourceVersionDate "2022.10.05"]
[SourceQuality "1"]

1. e4 e5 2. Nf3 Nf6 3. Bc4 Nc6 4. Ng5 d5 5. exd5 Nxd5 6. d3 h6 7. Nxf7 Kxf7 8. Qf3+ Ke6 9. Nc3 Ncb4 10. Bb3 c6 11. 0-0 Qf6 12. Qe4 Qf5 13. Qc4 b5 14. Qh4 g5 15. Qg3 Bd6 16. Nxd5 Nxd5 17. c4 Nf6 18. c5+ Nd5 19. cxd6 Kxd6 20. Bd2 Bb7 21. Rac1 Rae8 22. a3 Rhf8 23. Rc2 Rf7 24. Rfc1 Qxf2+ 25. Qxf2 Rxf2 26. Kxf2 Nf4 27. Bxf4 exf4 28. Kf3 Re3+ 29. Kf2 Rxd3 30. Bf7 Ke7 31. Bg6 Kf6 32. Bxd3 1-0

[Event "Cappelle Online Blitz op"]
[Site "Europe Echecs INT"]
[Date "2021.03.07"]
[Round "2"]
[White "Assaubayeva, Bibissara"]
[Black "Richard, Maxime"]
[Result "1-0"]
[WhiteElo "2378"]
[BlackElo "1444"]
[PlyCount "61"]
[EventDate "2021.03.07"]
[EventType "swiss (blitz)"]
[EventRounds "11"]
[EventCountry "FRA"]
[SourceTitle "CBM 201 Extra"]
[Source "ChessBase"]
[SourceDate "2021.05.31"]
[SourceVersion "1"]
[SourceVersionDate "2021.05.31"]
[SourceQuality "1"]

1. e4 d5 2. exd5 Qxd5 3. Nc3 Qd6 4. Nf3 Bg4 5. Bc4 e6 6. h3 Bh5 7. 0-0 Nf6 8. d3 Nc6 9. Bb5 Be7 10. Qe2 0-0-0 11. Bxc6 Qxc6 12. Re1 Bxf3 13. Qxf3 Qxf3 14. gxf3 Nd5 15. Nxd5 Rxd5 16. Bd2 Rf5 17. Kg2 Bf6 18. Rab1 Rc5 19. Rec1 Rd8 20. Be3 Ra5 21. a3 Kb8 22. Rd1 Bd4 23. c3 Bf6 24. d4 Bg5 25. Re1 Rad5 26. c4 Rf5 27. Kg3 Bf6 28. Rbd1 e5 29. dxe5 Rxd1 30. Rxd1 Bxe5+ 31. Kg4 1-0

[Event "Cappelle Online Rapid op"]
[Site "Europe Echecs INT"]
[Date "2021.03.06"]
[Round "9"]
[White "Richard, Maxime"]
[Black "Slotala, Richard"]
[Result "1-0"]
[WhiteElo "1444"]
[BlackElo "1728"]
[PlyCount "77"]
[EventDate "2021.03.06"]
[EventType "swiss (rapid)"]
[EventRounds "9"]
[EventCountry "FRA"]
[SourceTitle "CBM 201 Extra"]
[Source "ChessBase"]
[SourceDate "2021.05.31"]
[SourceVersion "1"]
[SourceVersionDate "2021.05.31"]
[SourceQuality "1"]

1. d4 Nf6 2. c4 g6 3. Nc3 Bg7 4. e4 d6 5. Be2 0-0 6. Be3 e5 7. d5 Ne8 8. g4 f5 9. h4 f4 10. Bd2 Bf6 11. g5 Bg7 12. Bg4 a5 13. Bxc8 Qxc8 14. h5 Qd8 15. Qg4 Qe7 16. hxg6 hxg6 17. Nf3 Kf7 18. 0-0-0 Na6 19. Rh7 Rh8 20. Rdh1 Rxh7 21. Rxh7 Nc5 22. Kc2 b6 23. Nh2 Qd7 24. Qh4 Ke7 25. Qh6 Kd8 26. Qxg6 Kc8 27. Ng4 Kb7 28. Nf6 Nxf6 29. gxf6 Bxf6 30. Rxd7 Nxd7 31. Qf7 Rd8 32. f3 Bh4 33. Nb5 Bg3 34. b4 Bh4 35. bxa5 bxa5 36. Bxa5 c6 37. Nxd6+ Ka6 38. Bxd8 Bxd8 39. Qxd7 1-0

[Event "Ville d'Orsay online Blitz"]
[Site "Europe Echecs INT"]
[Date "2021.02.07"]
[Round "9"]
[White "Maillard, Jules"]
[Black "Richard, Maxime"]
[Result "1-0"]
[WhiteElo "1156"]
[BlackElo "1444"]
[PlyCount "159"]
[EventDate "2021.02.07"]
[EventType "swiss (blitz)"]
[EventRounds "11"]
[EventCountry "FRA"]
[SourceTitle "CBM 200 Extra"]
[Source "ChessBase"]
[SourceDate "2021.03.31"]
[SourceVersion "1"]
[SourceVersionDate "2021.03.31"]
[SourceQuality "1"]

1. d4 Nf6 2. e3 e6 3. Bd3 b6 4. f4 Bb7 5. Nf3 Nc6 6. Nbd2 Nb4 7. 0-0 Nxd3 8. cxd3 d5 9. Ne5 c5 10. Qa4+ Nd7 11. dxc5 Bxc5 12. d4 Bd6 13. Ndf3 Qc7 14. Bd2 f6 15. Rfc1 Qd8 16. Nc6 Bxc6 17. Rxc6 Qe7 18. Rac1 0-0 19. a3 Rfd8 20. Bb4 Bxb4 21. Qxb4 Qxb4 22. axb4 e5 23. dxe5 fxe5 24. Nxe5 Nxe5 25. fxe5 Re8 26. e6 Re7 27. Rc8+ Re8 28. Rxa8 Rxa8 29. Rc7 Re8 30. e7 Kf7 31. Rxa7 Rxe7 32. Rxe7+ Kxe7 33. Kf2 Ke6 34. Ke2 Kd6 35. Kd2 Kc6 36. Kd3 Kb5 37. Kc3 h6 38. h3 g6 39. g3 g5 40. h4 g4 41. h5 Ka4 42. b3+ Kb5 43. Kd4 Kxb4 44. Kxd5 Kxb3 45. e4 b5 46. e5 b4 47. e6 Kc3 48. e7 b3 49. e8Q b2 50. Qe5+ Kc2 51. Qxb2+ Kxb2 52. Ke4 Kc2 53. Kf4 Kd3 54. Kxg4 Kd4 55. Kf5 Kd5 56. g4 Kd6 57. Kg6 Ke6 58. Kxh6 Kf6 59. g5+ Kf7 60. Kh7 Kf8 61. g6 Ke7 62. g7 Kf7 63. g8Q+ Kf6 64. Kh8 Kf5 65. Qf8+ Kg5 66. Kg7 Kxh5 67. Qh8+ Kg4 68. Kg6 Kf4 69. Qh5 Ke4 70. Kf6 Kd4 71. Ke6 Kc4 72. Kd6 Kb4 73. Kc6 Kc3 74. Kc5 Kd2 75. Qf3 Kc2 76. Kc4 Kd2 77. Qd3+ Kc1 78. Qe2 Kb1 79. Kb3 Kc1 80. Qc2# 1-0

[Event "Ville d'Orsay online Blitz"]
[Site "Europe Echecs INT"]
[Date "2021.02.07"]
[Round "4"]
[White "Richard, Maxime"]
[Black "Godon, Philippe"]
[Result "0-1"]
[WhiteElo "1444"]
[BlackElo "1818"]
[PlyCount "112"]
[EventDate "2021.02.07"]
[EventType "swiss (blitz)"]
[EventRounds "11"]
[EventCountry "FRA"]
[SourceTitle "CBM 200 Extra"]
[Source "ChessBase"]
[SourceDate "2021.03.31"]
[SourceVersion "1"]
[SourceVersionDate "2021.03.31"]
[SourceQuality "1"]

1. d4 Nf6 2. c4 e6 3. Nc3 Bb4 4. e3 b6 5. Bd3 Bb7 6. Nf3 d6 7. Bd2 Bxc3 8. Bxc3 Ne4 9. Qc2 f5 10. 0-0 Nd7 11. Nd2 Ng5 12. f3 0-0 13. e4 fxe4 14. fxe4 e5 15. d5 Nc5 16. Rxf8+ Qxf8 17. Rf1 Qe7 18. b4 Nxd3 19. Qxd3 Rf8 20. Rxf8+ Qxf8 21. Nf3 Qf4 22. Nxg5 Qxg5 23. Bd2 Qg4 24. Qf3 Qd7 25. h3 Bc8 26. Kf2 Qa4 27. a3 Qc2 28. Qe2 Ba6 29. b5 Bc8 30. Bg5 Qc3 31. Bd8 Qxa3 32. Bxc7 Qc5+ 33. Kg3 Qxc7 34. Qh5 Qf7 35. Qg5 Qf4+ 36. Qxf4 exf4+ 37. Kxf4 Kf7 38. g4 h6 39. h4 a6 40. bxa6 Bxa6 41. e5 dxe5+ 42. Kxe5 Bxc4 43. d6 Be6 44. g5 hxg5 45. hxg5 g6 46. Kd4 Bd7 47. Kd5 b5 48. Kc5 Ke6 49. Kb4 Kxd6 50. Kc3 Ke5 51. Kb4 Kf4 52. Kc5 Kxg5 53. Kd6 b4 54. Kxd7 b3 55. Ke6 b2 56. Ke5 b1Q 0-1

[Event "Cappelle Online Blitz op 1st"]
[Site "Europe Echecs INT"]
[Date "2021.01.10"]
[Round "11"]
[White "Mallevaey, Armand"]
[Black "Richard, Maxime"]
[Result "0-1"]
[WhiteElo "1692"]
[BlackElo "1444"]
[PlyCount "96"]
[EventDate "2021.01.10"]
[EventType "swiss (blitz)"]
[EventRounds "11"]
[EventCountry "FRA"]
[SourceTitle "CBM 200 Extra"]
[Source "ChessBase"]
[SourceDate "2021.03.31"]
[SourceVersion "1"]
[SourceVersionDate "2021.03.31"]
[SourceQuality "1"]

1. e4 d5 2. exd5 Nf6 3. Bb5+ Bd7 4. Be2 Nxd5 5. Nf3 Nf4 6. 0-0 Nc6 7. d4 e6 8. Bxf4 Be7 9. Nc3 0-0 10. Nb5 Rc8 11. c4 a6 12. Nc3 Bf6 13. d5 Ne7 14. dxe6 fxe6 15. Be5 Nf5 16. Bxf6 Rxf6 17. Bd3 Rg6 18. Bxf5 exf5 19. Qd5+ Kh8 20. Qxb7 Rb8 21. Qxa6 Rxa6 22. b3 Qf6 23. Nd5 Qd6 24. Rfd1 Qc6 25. Ne5 Qe6 26. Nxd7 Qxd7 27. Nb4 Qe6 28. Nxa6 Qxa6 29. Rd5 Qf6 30. Rad1 h6 31. Rd7 Rc8 32. R7d2 Ra8 33. g3 Qc6 34. Ra1 Kh7 35. Rdd1 Qf3 36. Rdb1 Re8 37. a4 Re2 38. Rf1 Qxb3 39. a5 Qxc4 40. a6 Re8 41. Rfc1 Qe4 42. a7 Ra8 43. Rxc7 Qe5 44. Rcc1 Qd5 45. Rcb1 Qd8 46. Rb7 Kg6 47. Ra6+ Kg5 48. Rxg7+ Kh5 0-1

[Event "Cappelle Online Blitz op 1st"]
[Site "Europe Echecs INT"]
[Date "2021.01.10"]
[Round "2"]
[White "Richard, Maxime"]
[Black "Dubois, Martine"]
[Result "0-1"]
[WhiteElo "1444"]
[BlackElo "1780"]
[PlyCount "62"]
[EventDate "2021.01.10"]
[EventType "swiss (blitz)"]
[EventRounds "11"]
[EventCountry "FRA"]
[SourceTitle "CBM 200 Extra"]
[Source "ChessBase"]
[SourceDate "2021.03.31"]
[SourceVersion "1"]
[SourceVersionDate "2021.03.31"]
[SourceQuality "1"]

1. d4 d5 2. c4 Bf5 3. cxd5 Bxb1 4. Rxb1 Qxd5 5. Nf3 Qxa2 6. Bf4 Qa5+ 7. Bd2 Qb6 8. e4 Nf6 9. Bd3 Nc6 10. d5 Nd8 11. 0-0 e6 12. Bc4 Nxe4 13. dxe6 Nxe6 14. Re1 Nxd2 15. Qxd2 Bb4 16. Qe2 Bxe1 17. Rxe1 0-0-0 18. Bxe6+ fxe6 19. Ng5 Rd7 20. Ne4 Rhd8 21. h3 a6 22. Ng5 Kb8 23. Nxe6 Re8 24. Qh5 Rde7 25. Qxh7 Rxe6 26. Rd1 Re1+ 27. Rxe1 Rxe1+ 28. Kh2 Qd6+ 29. g3 Qd4 30. Qg8+ Ka7 31. Qb3 Qxf2# 0-1

[Event "C'Chartres Blitz op"]
[Site "Europe Echecs INT"]
[Date "2020.11.28"]
[Round "10"]
[White "Durand, Victor"]
[Black "Richard, Maxime"]
[Result "1-0"]
[WhiteElo "2004"]
[BlackElo "1444"]
[PlyCount "53"]
[EventDate "2020.11.28"]
[EventType "swiss (blitz)"]
[EventRounds "11"]
[EventCountry "FRA"]
[SourceTitle "CBM 199 Extra"]
[Source "ChessBase"]
[SourceDate "2021.01.31"]
[SourceVersion "1"]
[SourceVersionDate "2021.01.31"]
[SourceQuality "1"]

1. e4 d5 2. exd5 Qxd5 3. Nf3 Bg4 4. Be2 Nc6 5. 0-0 Nf6 6. d4 0-0-0 7. Be3 e6 8. c3 Be7 9. Nbd2 h5 10. Qa4 Kb8 11. c4 Qd7 12. Rad1 Nxd4 13. Qa5 Nxe2+ 14. Kh1 b6 15. Qa6 Qc8 16. Qa4 Qd7 17. Qa6 Qc6 18. Ne5 Qb7 19. Qa4 Nd7 20. Nc6+ Ka8 21. Nxe7 Rhe8 22. Nc6 Nc5 23. Nxd8 Rxd8 24. Qc2 Nd3 25. f3 Bf5 26. Ne4 Ndf4 27. Rxd8+ 1-0

[Event "C'Chartres Blitz op"]
[Site "Europe Echecs INT"]
[Date "2020.11.28"]
[Round "3"]
[White "Richard, Maxime"]
[Black "Louiset, Alain"]
[Result "0-1"]
[WhiteElo "1444"]
[BlackElo "1294"]
[PlyCount "48"]
[EventDate "2020.11.28"]
[EventType "swiss (blitz)"]
[EventRounds "11"]
[EventCountry "FRA"]
[SourceTitle "CBM 199 Extra"]
[Source "ChessBase"]
[SourceDate "2021.01.31"]
[SourceVersion "1"]
[SourceVersionDate "2021.01.31"]
[SourceQuality "1"]

1. d4 d5 2. c4 e6 3. Nc3 Nc6 4. cxd5 exd5 5. Bf4 Nf6 6. e3 Bd6 7. Bxd6 Qxd6 8. Bd3 0-0 9. a3 a6 10. Qc2 g6 11. Nge2 Re8 12. 0-0 Bd7 13. Ng3 Re7 14. Rae1 Rae8 15. h4 Ne4 16. Ncxe4 dxe4 17. Be2 b5 18. h5 gxh5 19. Nxh5 Qh6 20. Qc3 Qg5 21. d5 Ne5 22. Ng3 Bg4 23. Bxg4 Nxg4 24. Qd2 Qh4 0-1

[Event "FRA-ch Blitz Online Qual"]
[Site "Europe Echecs INT"]
[Date "2020.05.16"]
[Round "3"]
[White "Richard, Maxime"]
[Black "Afraoui, Anaelle"]
[Result "0-1"]
[WhiteElo "1436"]
[BlackElo "2120"]
[PlyCount "66"]
[EventDate "2020.05.16"]
[EventType "swiss (blitz)"]
[EventRounds "15"]
[EventCountry "FRA"]
[SourceTitle "CBM 196 Extra"]
[Source "ChessBase"]
[SourceDate "2020.07.31"]
[SourceVersion "1"]
[SourceVersionDate "2020.07.31"]
[SourceQuality "1"]

1. d4 d6 2. c4 Nf6 3. Nc3 e5 4. dxe5 dxe5 5. Qxd8+ Kxd8 6. e4 Nfd7 7. Nf3 f6 8. Be3 c6 9. Bd3 a5 10. 0-0 Kc7 11. a3 a4 12. Bc2 Nc5 13. Bxc5 Bxc5 14. Nxa4 Be7 15. b4 Be6 16. c5 Nd7 17. Nd2 Nf8 18. Bb3 Bxb3 19. Nxb3 Rxa4 20. Rfd1 Ra8 21. Rd3 Ne6 22. a4 Rhd8 23. Rxd8 Rxd8 24. Kf1 Nd4 25. Nd2 Nc2 26. Rb1 Rxd2 27. g3 Rd4 28. b5 cxb5 29. axb5 Bxc5 30. Rc1 Rc4 31. Ke2 Nd4+ 32. Kd2 Nb3+ 33. Kd1 Rxc1+ 0-1

[Event "FRA-ch Blitz Online Qual"]
[Site "Europe Echecs INT"]
[Date "2020.05.16"]
[Round "14"]
[White "Sylvestre Baron, Laurent"]
[Black "Richard, Maxime"]
[Result "1-0"]
[WhiteElo "1728"]
[BlackElo "1436"]
[PlyCount "109"]
[EventDate "2020.05.16"]
[EventType "swiss (blitz)"]
[EventRounds "15"]
[EventCountry "FRA"]
[SourceTitle "CBM 196 Extra"]
[Source "ChessBase"]
[SourceDate "2020.07.31"]
[SourceVersion "1"]
[SourceVersionDate "2020.07.31"]
[SourceQuality "1"]

1. c4 e5 2. Nc3 d6 3. Nf3 f5 4. e4 Be7 5. exf5 Bxf5 6. d4 e4 7. Nd2 Nf6 8. Be2 0-0 9. g4 Bg6 10. g5 Nfd7 11. Ndxe4 Nc6 12. Be3 Rf7 13. h4 Qf8 14. h5 Bxe4 15. Nxe4 d5 16. cxd5 Bb4+ 17. Nc3 Ne7 18. g6 hxg6 19. hxg6 Rf6 20. Bd3 Nxg6 21. Qh5 Kf7 22. Rh4 Qh8 23. Bxg6+ Rxg6 24. Qxh8 Rxh8 25. Rxh8 Rg1+ 26. Kd2 Rxa1 27. a3 Ra2 28. axb4 Rxb2+ 29. Kd3 Rxb4 30. Rc8 Rb1 31. Nxb1 Nb6 32. Rxc7+ Kf6 33. Rxb7 Nxd5 34. Rxa7 Nb4+ 35. Kc3 Nd5+ 36. Kd3 Nf4+ 37. Ke4 Ne6 38. Ra6 Kf7 39. Rxe6 Kxe6 40. Nc3 g5 41. d5+ Kd6 42. Bxg5 Kd7 43. Bf4 Kd8 44. Ke5 Kd7 45. d6 Kd8 46. Kd5 Kd7 47. Nb5 Kd8 48. Bg5+ Kd7 49. f4 Ke8 50. f5 Kd7 51. f6 Ke8 52. Ke6 Kf8 53. Bh6+ Ke8 54. f7+ Kd8 55. f8Q# 1-0